Normal view
MARC view
- Sarah Begley and Merrill Fabry
Entry Personal Name
001 - CONTROL NUMBER
- control field: 32524
003 - CONTROL NUMBER IDENTIFIER
- control field: OSt
005 - DATE AND TIME OF LATEST TRANSACTION
- control field: 20181115072303.0
008 - FIXED-LENGTH DATA ELEMENTS
- fixed length control field: 181115|| aca||aabn | a|a d
040 ## - CATALOGING SOURCE
- Original cataloging agency: OSt
100 ## - HEADING--PERSONAL NAME
- Personal name: Sarah Begley and Merrill Fabry
